000 00624nam a2200217Ia 4500
005 20250508162400.0
008 008 250505s9999 xx 000 0 eng d
020 _a0-87023-276-2
037 _aTextual
040 _aFEDL
_beng
_cFEDL
041 _aeng
_2eng
084 _a370, FUL
_qFEDL
100 _aWagschal Peter H. Ed.
_9772003
245 0 _aR. buckminster fuller on education
260 _aAmherst, USA
_bThe University of Massachusetts Press
_c1979
300 _a192p.
650 _aEducation
700 _a Kahn Robert D. Ed.
_9773028
942 _cTEXL
_h370, FUL
999 _c1376198
_d1376198